00471 2200193 4500245005600000020001800056250001100074100001900085700001900104700001800123650001700141005001900158260003100177041001400208084001300222300002200235336000900257338001100266 aThe Place Where You Come HomecKuori, ChimakihText a9786022100348 aCet. 1 aKuori, Chimaki aMarin Hermanto aLidwina Leung aKomik Jepang a20230202100151 aJakartabPT Gramediac2013 aIndonesia a741.5592 ailus. :c17,5 cm. atext avolume